[Event "FIDE World Cup 2023"]
[Site "Baku AZE"]
[Date "2023.08.03"]
[Round "2.2"]
[White "Bachmann, Axel"]
[Black "Nihal, Sarin"]
[Result "0-1"]
[WhiteTitle "GM"]
[BlackTitle "GM"]
[WhiteElo "2604"]
[BlackElo "2688"]
[WhiteFideId "3700488"]
[BlackFideId "25092340"]
[EventDate "2023.07.30"]
[EventType "k.o."]

1. c4 e6 2. g3 d5 3. Bg2 Nf6 4. Nf3 d4 5. d3 Nc6 6. O-O Bc5 7. Bg5 O-O 8. Nbd2
Be7 9. Ne1 e5 10. Nc2 a5 11. a3 Nd7 12. Bxe7 Qxe7 13. Re1 Nf6 14. Rb1 a4 15. b4
axb3 16. Nxb3 Rd8 17. Qd2 Bf5 18. Bxc6 bxc6 19. Qb4 Qd6 20. Nc5 Re8 21. f3 h5
22. a4 h4 23. Nb7 Qe6 24. Nc5 Qd6 25. Kf2 Nh7 26. a5 Ng5 27. Rf1 Ra7 28. Ra1
Rea8 29. g4 e4 30. gxf5 exf3 31. Kg1 fxe2 32. Rfe1 Qf4 33. Rxe2 Nh3+ 34. Kh1
Rxa5 35. Rb1 Qf3+ 36. Rg2 Nf2+ 37. Kg1 Nh3+ 38. Kh1 Ra1 39. Nxa1 Nf2+ 40. Kg1
Nh3+ 41. Kh1 Ra2 42. Rg1 Nf2# 0-1

[Event "FIDE World Cup 2023"]
[Site "Baku AZE"]
[Date "2023.08.03"]
[Round "2.2"]
[White "Svidler, Peter"]
[Black "Puranik, Abhimanyu"]
[Result "1/2-1/2"]
[WhiteTitle "GM"]
[BlackTitle "GM"]
[WhiteElo "2688"]
[BlackElo "2605"]
[WhiteFideId "4102142"]
[BlackFideId "5061245"]
[EventDate "2023.07.30"]
[EventType "k.o."]

1. d4 d5 2. Nf3 Nf6 3. c4 e6 4. Nc3 c6 5. e3 Nbd7 6. Qc2 Bd6 7. Be2 dxc4 8. a4
O-O 9. O-O e5 10. Bxc4 Qe7 11. a5 e4 12. Ng5 Bxh2+ 13. Kxh2 Ng4+ 14. Kg1 Qxg5
15. Qxe4 Ndf6 16. Qf3 Be6 17. Bxe6 fxe6 18. Qh3 Qf5 19. f3 Nh6 20. Qxf5 exf5 21.
e4 Nf7 22. exf5 Rad8 23. Ra4 h5 24. Rb4 Nd6 25. Bf4 Nxf5 26. Rxb7 Rxd4 27. Be5
Rd7 28. a6 Rff7 29. Rb8+ Rf8 30. Rb7 Rff7 31. Rb8+ Rf8 1/2-1/2

[Event "FIDE World Cup 2023"]
[Site "Baku AZE"]
[Date "2023.08.03"]
[Round "2.2"]
[White "Huang, Renjie"]
[Black "Sarana, Alexey"]
[Result "0-1"]
[BlackTitle "GM"]
[WhiteElo "2445"]
[BlackElo "2685"]
[WhiteFideId "8610134"]
[BlackFideId "24133795"]
[EventDate "2023.07.30"]
[EventType "k.o."]

1. e4 e5 2. Nf3 Nc6 3. Bb5 a6 4. Ba4 Nf6 5. O-O b5 6. Bb3 Bc5 7. c3 d6 8. d4 Bb6
9. a4 Bb7 10. Bg5 h6 11. Bxf6 Qxf6 12. Bd5 O-O 13. Na3 Rfb8 14. dxe5 Nxe5 15.
Nxe5 Qxe5 16. axb5 axb5 17. Bxb7 Rxb7 18. Qd5 Rba7 19. Qxe5 dxe5 20. Rfd1 Ra4
21. Nc2 Rxa1 22. Nxa1 Ra2 23. Rb1 Ra4 24. Re1 b4 25. cxb4 Rxb4 26. b3 Rd4 27.
Kf1 Rd2 28. Re2 Rd3 29. b4 Kf8 30. Nc2 Ke7 31. Ne3 Bxe3 32. Rxe3 Rd1+ 33. Re1
Rd4 34. b5 Rb4 35. Rc1 Kd6 36. Rd1+ Rd4 37. Rxd4+ exd4 38. Ke2 Kc5 39. Kd3 g5
40. f3 Kxb5 41. Kxd4 Kb4 42. Kd3 c5 43. Kc2 Kc4 44. g3 Kd4 45. Kd2 c4 46. h4
gxh4 47. gxh4 h5 0-1

[Event "FIDE World Cup 2023"]
[Site "Baku AZE"]
[Date "2023.08.03"]
[Round "2.2"]
[White "Grandelius, Nils"]
[Black "Antipov, Mikhail Al."]
[Result "1/2-1/2"]
[WhiteTitle "GM"]
[BlackTitle "GM"]
[WhiteElo "2684"]
[BlackElo "2606"]
[WhiteFideId "1710400"]
[BlackFideId "4107012"]
[EventDate "2023.07.30"]
[EventType "k.o."]

1. e4 e5 2. Nf3 Nc6 3. Bb5 Nf6 4. O-O Nxe4 5. d4 Nd6 6. Bxc6 dxc6 7. dxe5 Nf5 8.
Qxd8+ Kxd8 9. Rd1+ Ke8 10. Nc3 Ne7 11. h3 Ng6 12. Be3 Bb4 13. Ne2 h6 14. Ng3 h5
15. Bg5 Be7 16. Bxe7 Kxe7 17. Nd4 h4 18. Ndf5+ Bxf5 19. Nxf5+ Kf8 20. Rd7 Rh5
21. g4 hxg3 22. Nxg3 Rxe5 23. Rxc7 Rae8 24. Rd1 Re1+ 25. Rxe1 Rxe1+ 26. Kh2 Nh4
27. Rxb7 Nf3+ 1/2-1/2

[Event "FIDE World Cup 2023"]
[Site "Baku AZE"]
[Date "2023.08.03"]
[Round "2.2"]
[White "Safarli, Eltaj"]
[Black "Esipenko, Andrey"]
[Result "1/2-1/2"]
[WhiteTitle "GM"]
[BlackTitle "GM"]
[WhiteElo "2607"]
[BlackElo "2683"]
[WhiteFideId "13402129"]
[BlackFideId "24175439"]
[EventDate "2023.07.30"]
[EventType "k.o."]

1. e4 e5 2. Nf3 Nc6 3. Bb5 a6 4. Ba4 Nf6 5. O-O Nxe4 6. d4 b5 7. Bb3 d5 8. dxe5
Be6 9. Qe2 Be7 10. Rd1 O-O 11. c4 bxc4 12. Bxc4 Bc5 13. Be3 Bxe3 14. Qxe3 Qb8
15. Bb3 Ne7 16. Nc3 Nxc3 17. Qxc3 c6 18. Nd4 Qxe5 19. Nxc6 Nxc6 20. Qxc6 Rfc8
21. Qb7 Rcb8 22. Qc6 Rc8 23. Qb7 a5 24. Re1 Qd6 25. Qb5 g6 26. Qe2 Qb4 27. Qf3
Rd8 28. Qf6 Rd6 29. Qe5 d4 30. a3 Qb6 31. Bxe6 Rxe6 32. Qd5 Rae8 33. Rxe6 Rxe6
34. b4 axb4 35. axb4 Qxb4 36. g3 Re2 37. Rd1 Re1+ 38. Rxe1 Qxe1+ 39. Kg2 Qc3 40.
h4 h5 41. Qd8+ Kg7 42. Qd5 Qa1 43. Qe5+ Kh7 44. Qd5 Qa7 45. Kf3 Kg8 46. Ke4 d3
47. Kf3 Qa6 48. Qd8+ Kg7 49. Qd4+ Qf6+ 50. Qxf6+ Kxf6 1/2-1/2

[Event "FIDE World Cup 2023"]
[Site "Baku AZE"]
[Date "2023.08.03"]
[Round "2.2"]
[White "Howell, David W L"]
[Black "Brkic, Ante"]
[Result "1/2-1/2"]
[WhiteTitle "GM"]
[BlackTitle "GM"]
[WhiteElo "2677"]
[BlackElo "2608"]
[WhiteFideId "410608"]
[BlackFideId "14506688"]
[EventDate "2023.07.30"]
[EventType "k.o."]

1. d4 Nf6 2. c4 e6 3. Nf3 d5 4. Nc3 Bb4 5. cxd5 exd5 6. Bg5 h6 7. Bh4 Bf5 8.
Qa4+ Nc6 9. e3 O-O 10. Bb5 g5 11. Bg3 Bxc3+ 12. bxc3 Ne7 13. Nd2 Ng6 14. Rc1 c6
15. Be2 Re8 16. h4 Qd7 17. Kf1 Qe6 18. Re1 Bg4 19. Qd1 Bxe2+ 20. Qxe2 Qf5 21. h5
Nf8 22. f3 c5 23. Bf2 cxd4 24. cxd4 Rac8 25. g4 Qc2 26. Nb3 Ne6 27. Bg3 b6 28.
Qxc2 Rxc2 29. Rh2 Rc3 30. Rb2 Rec8 31. Ree2 R3c4 32. Red2 Kf8 33. Ke2 Ke7 34.
Kd1 Ne8 35. Rdc2 Nd6 36. Nd2 Rc3 37. Rxc3 Rxc3 38. Rb3 Rc8 39. a4 Nb7 40. Nb1
Na5 41. Rb5 Rc4 42. Rxd5 Rxa4 43. Nc3 Nc4 44. Ke2 Ra3 45. Kd3 Nb2+ 46. Kc2 Nc4
47. Kd3 Nb2+ 48. Kc2 Nc4 49. Kd3 1/2-1/2

[Event "FIDE World Cup 2023"]
[Site "Baku AZE"]
[Date "2023.08.03"]
[Round "2.2"]
[White "Pechac, Jergus"]
[Black "Fedoseev, Vladimir3"]
[Result "1/2-1/2"]
[WhiteTitle "GM"]
[BlackTitle "GM"]
[WhiteElo "2608"]
[BlackElo "2676"]
[WhiteFideId "14926970"]
[BlackFideId "24130737"]
[EventDate "2023.07.30"]
[EventType "k.o."]

1. e4 e5 2. Nf3 Nf6 3. Nc3 Nc6 4. h3 Bb4 5. Bd3 O-O 6. O-O d6 7. a3 Ba5 8. b4
Bb6 9. Na4 Bd7 10. c3 Qc8 11. Bc2 Ne7 12. Nxb6 axb6 13. d4 Ng6 14. Bg5 h6 15.
Bxf6 gxf6 16. Kh2 Kg7 17. Ng1 f5 18. exf5 Bxf5 19. Ne2 Bxc2 20. Qxc2 f5 21. f4
e4 22. d5 c5 23. c4 Kh7 24. Rfb1 Rf7 25. Qc3 Nh4 26. Rb3 b5 27. cxb5 Rg7 28. Ng3
cxb4 29. Qxc8 Rxc8 30. Ra2 bxa3 31. Rbxa3 Rc5 32. Nh5 Rf7 33. Rg3 Rxd5 34. Ra7
Rxb5 35. Ra8 Ng6 36. Re8 Rb2 37. h4 Rf2 38. Kg1 Rxf4 39. Rxg6 Rxh4 40. Rf6 Rc7
41. Rxf5 Kg6 42. Ng3 Rc1+ 43. Rf1 Rxf1+ 44. Kxf1 Rf4+ 45. Ke2 d5 46. Rd8 h5 47.
Rxd5 h4 48. Ke3 Rg4 49. Ne2 Rg5 50. Nf4+ Kf6 51. Nh5+ Kg6 52. Nf4+ Kf6 53. Rd7
Ke5 54. Re7+ Kf5 55. Rf7+ Ke5 56. Re7+ 1/2-1/2

[Event "FIDE World Cup 2023"]
[Site "Baku AZE"]
[Date "2023.08.03"]
[Round "2.2"]
[White "Wojtaszek, Radoslaw"]
[Black "De Silva, L M S T"]
[Result "1-0"]
[WhiteTitle "GM"]
[BlackTitle "IM"]
[WhiteElo "2676"]
[BlackElo "2433"]
[WhiteFideId "1118358"]
[BlackFideId "9953698"]
[EventDate "2023.07.30"]
[EventType "k.o."]

1. Nf3 Nf6 2. c4 e6 3. g3 d5 4. Bg2 d4 5. O-O c5 6. e3 Nc6 7. exd4 cxd4 8. d3 h6
9. Bf4 Bd6 10. Bxd6 Qxd6 11. Re1 O-O 12. Nbd2 Rb8 13. a3 a5 14. Qe2 Nd7 15. Ne4
Qe7 16. Nh4 b6 17. f4 Bb7 18. Qh5 Nc5 19. Nf2 Nd7 20. Rab1 Qc5 21. Qd1 Nf6 22.
Qa4 Ba8 23. b4 b5 24. bxc5 bxa4 25. Rb5 Nd7 26. Nf3 Rbc8 27. Ne4 Ne7 28. Nd6 Rc7
29. Rxa5 Nxc5 30. Rd1 Nf5 31. Nxf5 exf5 32. Nxd4 Bxg2 33. Kxg2 Rd8 34. Nxf5 Nxd3
35. Ne3 Re7 36. Nd5 Re2+ 37. Kf3 Rf2+ 38. Ke3 1-0

[Event "FIDE World Cup 2023"]
[Site "Baku AZE"]
[Date "2023.08.03"]
[Round "2.2"]
[White "Vocaturo, Daniele"]
[Black "Volokitin, Andrei"]
[Result "1/2-1/2"]
[WhiteTitle "GM"]
[BlackTitle "GM"]
[WhiteElo "2609"]
[BlackElo "2674"]
[WhiteFideId "813192"]
[BlackFideId "14107090"]
[EventDate "2023.07.30"]
[EventType "k.o."]

1. e4 c5 2. Nf3 d6 3. d4 cxd4 4. Nxd4 Nf6 5. Nc3 a6 6. Be3 e5 7. Nb3 Be7 8. f3
Be6 9. Qd2 O-O 10. O-O-O Nbd7 11. g4 b5 12. a3 Nb6 13. g5 Nh5 14. Na5 Rc8 15.
Kb1 g6 16. Rg1 Qc7 17. Nd5 Nxd5 18. exd5 Bd7 19. c4 Nf4 20. cxb5 axb5 21. Bxf4
exf4 22. Bd3 Ra8 23. Nc6 Bxc6 24. dxc6 d5 25. Rge1 Rfb8 26. Qe2 Bxa3 27. bxa3
Rxa3 28. Qb2 b4 29. Bc2 Qxc6 30. Bb3 d4 31. Re4 Qc3 32. Bd5 Qxb2+ 33. Kxb2 Rxf3
34. Rd2 Rf1 35. Rexd4 Rf8 36. h4 h6 37. Bc4 Rg1 38. gxh6 f3 39. Bd5 Kh7 40. Bxf3
Kxh6 41. Rxb4 Rg3 42. Rf2 f5 43. Rb6 Kg7 44. Kc2 Rf6 45. Rb4 Ra6 46. Bd5 Kh6 47.
Rff4 Rd6 48. Rb5 Re3 49. Bc4 Rh3 50. Rb7 Rc6 51. Rd4 g5 52. hxg5+ Kxg5 53. Rb8
Re3 54. Rb5 Rg3 55. Kd2 Rg4 56. Rxg4+ Kxg4 57. Be2+ Kf4 58. Bd3 Rf6 59. Ke2 Re6+
60. Kf2 Re5 61. Rb4+ Kg5 62. Rd4 Ra5 63. Kf3 Re5 64. Rd7 Ra5 65. Rd8 Kf6 66.
Rf8+ Ke7 67. Rc8 Kf6 68. Kf4 Ke6 69. Re8+ Kd7 70. Re1 Kd6 71. Bxf5 Ra4+ 72. Be4
Rd4 73. Rh1 Kc5 74. Ke5 Rd2 75. Rc1+ Kb4 76. Bd5 Rh2 77. Ke4 Re2+ 78. Kd3 Rh2
79. Be4 Kb5 80. Kd4 Rd2+ 81. Bd3+ Kb6 82. Rc3 Rh2 83. Rb3+ Kc7 84. Be4 Rh5 85.
Rg3 Kd6 86. Rg6+ Ke7 87. Bd5 Rh2 88. Kc5 Rf2 89. Rh6 Rf1 90. Ra6 Rf2 91. Ra7+
Kf6 92. Kd6 Re2 93. Rf7+ Kg5 94. Be6 Rd2+ 95. Ke7 Re2 96. Rf3 Re4 97. Rf8 Re5
98. Rg8+ Kf4 99. Kf6 Ra5 100. Rg4+ Ke3 101. Rb4 Kd3 102. Ke7 Ra6 103. Rh4 Ke3
104. Kf6 Ra5 105. Bf5 Ra6+ 106. Kg5 Ra5 107. Re4+ Kd2 108. Kf4 Kc3 109. Be6 Kd3
110. Bc4+ Kc3 111. Be2 Kd2 112. Bf1 Rd5 113. Ra4 Rd8 114. Bg2 Kc3 115. Ra8 Rxa8
116. Bxa8 1/2-1/2

[Event "FIDE World Cup 2023"]
[Site "Baku AZE"]
[Date "2023.08.03"]
[Round "2.2"]
[White "Bluebaum, Matthias"]
[Black "Paravyan, David"]
[Result "1/2-1/2"]
[WhiteTitle "GM"]
[BlackTitle "GM"]
[WhiteElo "2672"]
[BlackElo "2612"]
[WhiteFideId "24651516"]
[BlackFideId "4194985"]
[EventDate "2023.07.30"]
[EventType "k.o."]

1. d4 Nf6 2. c4 g6 3. Nc3 d5 4. cxd5 Nxd5 5. Na4 Bf5 6. f3 Nb6 7. e4 Bc8 8. Be3
Bg7 9. f4 O-O 10. Nc5 Nc6 11. Nf3 Bg4 12. d5 Nb8 13. Rc1 Qc8 14. Bd4 Bxf3 15.
gxf3 Bxd4 16. Qxd4 c6 17. Nb3 Qd8 18. Nc5 e6 19. h4 exd5 20. h5 dxe4 21. Qxd8
Rxd8 22. fxe4 Re8 23. hxg6 hxg6 24. Rd1 Na6 25. Bxa6 bxa6 26. Kf2 Rad8 27. b3 a5
28. Kf3 Kg7 29. Nb7 Rxd1 30. Rxd1 a4 31. Rc1 axb3 32. axb3 Rb8 33. Na5 Nd7 34.
Rxc6 Rb5 35. Ra6 Nc5 36. Rxa7 Rb4 37. Rc7 Nxb3 38. Nxb3 Rxb3+ 1/2-1/2

[Event "FIDE World Cup 2023"]
[Site "Baku AZE"]
[Date "2023.08.03"]
[Round "2.2"]
[White "Bartel, Mateusz"]
[Black "Donchenko, Alexander"]
[Result "1/2-1/2"]
[WhiteTitle "GM"]
[BlackTitle "GM"]
[WhiteElo "2614"]
[BlackElo "2668"]
[WhiteFideId "1112635"]
[BlackFideId "24603295"]
[EventDate "2023.07.30"]
[EventType "k.o."]

1. e4 e5 2. Nf3 Nc6 3. Bb5 Nf6 4. O-O Nxe4 5. Re1 Nd6 6. a4 Be7 7. Nc3 a6 8. Bf1
e4 9. Nxe4 Nxe4 10. Rxe4 d5 11. Re1 d4 12. Bc4 O-O 13. d3 h6 14. Nd2 Bb4 15. Qh5
Qg5 16. Qxg5 hxg5 17. Re2 Kh7 18. Nb3 Kg6 19. Bd2 Bxd2 20. Rxd2 Rd8 21. Re1 f6
22. f4 gxf4 23. Rf2 Ne5 24. Rxf4 Bd7 25. Bd5 Bxa4 26. Bxb7 Bxb3 27. Be4+ Kh6 28.
cxb3 Rab8 29. Ref1 Rf8 30. Rf5 Nd7 31. Rc1 c5 32. Rd5 Ne5 33. Rcxc5 Rxb3 34.
Rxd4 Rxb2 35. h3 Rfb8 36. Rdd5 R8b5 37. d4 Rxc5 38. Rxc5 Rb4 39. dxe5 Rxe4 40.
exf6 gxf6 41. Rc6 Kg5 42. Rxa6 Re2 43. Kh2 Re3 44. Ra8 f5 45. Rg8+ Kf6 46. Rg3
Re4 47. Ra3 Rb4 48. Kg3 Rc4 49. Kf3 Rb4 50. g3 Kg6 51. h4 Rc4 52. Ra6+ Kg7 53.
h5 Rg4 54. Ra5 Rg5 55. Kf4 Rg4+ 56. Kxf5 1/2-1/2

[Event "FIDE World Cup 2023"]
[Site "Baku AZE"]
[Date "2023.08.03"]
[Round "2.2"]
[White "Gelfand, Boris"]
[Black "Berkes, Ferenc"]
[Result "0-1"]
[WhiteTitle "GM"]
[BlackTitle "GM"]
[WhiteElo "2668"]
[BlackElo "2615"]
[WhiteFideId "2805677"]
[BlackFideId "718572"]
[EventDate "2023.07.30"]
[EventType "k.o."]

1. d4 Nf6 2. c4 e6 3. Nf3 Bb4+ 4. Nbd2 d5 5. Qa4+ Nc6 6. e3 a5 7. a3 Be7 8. Qc2
a4 9. cxd5 exd5 10. Bb5 O-O 11. Bxa4 Bd6 12. O-O Re8 13. b4 Nxb4 14. axb4 b5 15.
Bxb5 Rxa1 16. Nb3 Ra8 17. Bxe8 Qxe8 18. Nc5 Qb5 19. Bd2 g6 20. Bc3 Bf5 21. Qb2
Ne4 22. Ra1 Rxa1+ 23. Qxa1 Qe2 24. Be1 h5 25. Qc1 Kg7 26. Nd2 Ng5 27. e4 Nh3+
28. Kh1 dxe4 29. gxh3 e3 30. Kg1 Bxh3 0-1

[Event "FIDE World Cup 2023"]
[Site "Baku AZE"]
[Date "2023.08.03"]
[Round "2.2"]
[White "Iturrizaga Bonelli, Eduardo"]
[Black "Korobov, Anton"]
[Result "1-0"]
[WhiteTitle "GM"]
[BlackTitle "GM"]
[WhiteElo "2617"]
[BlackElo "2667"]
[WhiteFideId "3901211"]
[BlackFideId "14105730"]
[EventDate "2023.07.30"]
[EventType "k.o."]

1. c4 e6 2. g3 d5 3. Bg2 Nf6 4. Nf3 dxc4 5. Qa4+ c6 6. Qxc4 b5 7. Qb3 Bb7 8. d4
Nbd7 9. Ne5 Nxe5 10. dxe5 Nd5 11. Nc3 a6 12. O-O Be7 13. Nxd5 cxd5 14. Be3 O-O
15. Rfc1 Rc8 16. Bd4 Qa5 17. e3 Rxc1+ 18. Rxc1 Rc8 19. Ra1 Bc6 20. Bf1 Bd7 21.
Qd3 Qc7 22. h4 a5 23. a3 Qb7 24. Qd1 a4 25. Bd3 Rc7 26. h5 h6 27. Kg2 Kf8 28.
Bb1 Bc5 29. Qd3 Bxd4 30. exd4 b4 31. Qh7 bxa3 32. Rxa3 Qxb2 33. Rf3 Be8 34. Bg6
a3 35. Qh8+ Ke7 36. Qxg7 Kd8 37. Qf8 fxg6 38. Rxa3 Qb7 39. hxg6 Re7 40. Qf6 Kd7
41. g7 Bf7 42. Qxf7 Rxf7 43. g8=Q Rxf2+ 44. Kh3 Ke7 45. Ra8 Qd7 46. Qg7+ Rf7 47.
Qxh6 1-0

[Event "FIDE World Cup 2023"]
[Site "Baku AZE"]
[Date "2023.08.03"]
[Round "2.2"]
[White "Ivanchuk, Vasyl"]
[Black "Henriquez Villagra, Cristobal"]
[Result "1/2-1/2"]
[WhiteTitle "GM"]
[BlackTitle "GM"]
[WhiteElo "2667"]
[BlackElo "2618"]
[WhiteFideId "14100010"]
[BlackFideId "3409350"]
[EventDate "2023.07.30"]
[EventType "k.o."]

1. c4 e6 2. g3 d5 3. Bg2 Nf6 4. Nf3 Be7 5. d4 O-O 6. O-O c6 7. b3 Nbd7 8. Qc2 b6
9. Rd1 Bb7 10. Nc3 Rc8 11. e4 Nxe4 12. Nxe4 dxe4 13. Qxe4 Ba8 14. Qe2 Qe8 15.
Bb2 c5 16. Rd2 Bxf3 17. Qxf3 Bg5 18. Rdd1 cxd4 19. Bxd4 Rc7 20. Rab1 Qe7 21. Qe2
Bf6 22. Be3 Bg5 23. f4 Bf6 24. Rd2 Bc3 25. Rd3 Bb4 26. Rbd1 Nc5 27. Rd4 Bc3 28.
Rd6 Bb4 29. R6d4 Bc3 30. Rd6 Bb4 1/2-1/2

[Event "FIDE World Cup 2023"]
[Site "Baku AZE"]
[Date "2023.08.03"]
[Round "2.2"]
[White "Kollars, Dmitrij"]
[Black "Ponomariov, Ruslan"]
[Result "1/2-1/2"]
[WhiteTitle "GM"]
[BlackTitle "GM"]
[WhiteElo "2618"]
[BlackElo "2664"]
[WhiteFideId "12909572"]
[BlackFideId "14103320"]
[EventDate "2023.07.30"]
[EventType "k.o."]

1. e4 e5 2. Nf3 Nc6 3. Bc4 Bc5 4. c3 Nf6 5. d3 d6 6. O-O a5 7. Bg5 h6 8. Bh4 g5
9. Bg3 Bg4 10. Nbd2 Nh5 11. Kh1 O-O 12. h3 Be6 13. Bh2 Ng7 14. a3 Bxc4 15. Nxc4
b5 16. Nxa5 Nxa5 17. b4 Bb6 18. bxa5 Rxa5 19. a4 bxa4 20. Rxa4 Rxa4 21. Qxa4 Qe8
22. Qc4 Qe6 23. Qc6 Qe8 24. Qc4 Qe6 25. Qc6 Qe8 26. Qc4 1/2-1/2

[Event "FIDE World Cup 2023"]
[Site "Baku AZE"]
[Date "2023.08.03"]
[Round "2.2"]
[White "Cheparinov, Ivan"]
[Black "Svane, Frederik"]
[Result "1/2-1/2"]
[WhiteTitle "GM"]
[BlackTitle "GM"]
[WhiteElo "2663"]
[BlackElo "2618"]
[WhiteFideId "2905540"]
[BlackFideId "12923044"]
[EventDate "2023.07.30"]
[EventType "k.o."]

1. e4 e6 2. d4 d5 3. e5 c5 4. c3 Nc6 5. Nf3 Qb6 6. Bd3 cxd4 7. O-O Bd7 8. Re1
Rc8 9. Nbd2 dxc3 10. bxc3 Na5 11. Rb1 Qc7 12. c4 dxc4 13. Bc2 Ne7 14. Ne4 Ng6
15. Nd6+ Bxd6 16. exd6 Qd8 17. Ng5 Rc5 18. Ne4 Rf5 19. g4 Rd5 20. Nf6+ gxf6 21.
Qxd5 Ne5 22. Rxe5 fxe5 23. Qxe5 Rg8 24. Bxh7 Qh4 25. Bxg8 Qxg4+ 26. Kf1 Qd1+ 27.
Kg2 Qg4+ 28. Kf1 Qd1+ 29. Kg2 Qg4+ 30. Kf1 Qd1+ 1/2-1/2

[Event "FIDE World Cup 2023"]
[Site "Baku AZE"]
[Date "2023.08.03"]
[Round "2.2"]
[White "Indjic, Aleksandar"]
[Black "Bacrot, Etienne"]
[Result "1/2-1/2"]
[WhiteTitle "GM"]
[BlackTitle "GM"]
[WhiteElo "2619"]
[BlackElo "2662"]
[WhiteFideId "911925"]
[BlackFideId "605506"]
[EventDate "2023.07.30"]
[EventType "k.o."]

1. c4 e5 2. Nc3 Nf6 3. e3 Nc6 4. Nf3 Bb4 5. Qc2 Bxc3 6. bxc3 e4 7. Ng5 Qe7 8. f3
d6 9. Nxe4 Nxe4 10. Qxe4 Qxe4 11. fxe4 f6 12. Be2 Be6 13. d3 h5 14. Rf1 b6 15.
Rb1 Ne5 16. Bd2 Ke7 17. Kd1 h4 18. Be1 Rh6 19. Kd2 Rah8 20. Rg1 Rg6 21. Bf2 Bg4
22. h3 Bxe2 23. Kxe2 Rh5 24. Rbd1 Rhg5 25. Kf1 Rh6 26. Ke2 Rhg6 27. Kf1 Rh6 28.
Ke2 Rhg6 29. Kf1 Rh6 1/2-1/2

[Event "FIDE World Cup 2023"]
[Site "Baku AZE"]
[Date "2023.08.03"]
[Round "2.2"]
[White "Salem, A.R. Saleh"]
[Black "Leiva, Gianmarco"]
[Result "1-0"]
[WhiteTitle "GM"]
[BlackTitle "IM"]
[WhiteElo "2661"]
[BlackElo "2374"]
[WhiteFideId "9301348"]
[BlackFideId "3804399"]
[EventDate "2023.07.30"]
[EventType "k.o."]

1. d4 Nf6 2. c4 e6 3. Nf3 d5 4. g3 Bb4+ 5. Bd2 Be7 6. Bg2 O-O 7. O-O Nbd7 8. Qc2
c6 9. Rd1 b6 10. b3 a5 11. Bc3 Ne4 12. Ne5 Nxe5 13. Bxe4 f5 14. Bg2 Ng4 15. e3
h5 16. Nd2 h4 17. h3 Nf6 18. gxh4 Ne4 19. Nf3 Bxh4 20. Be1 Bf6 21. Ne5 Bxe5 22.
dxe5 Qg5 23. f4 Qe7 24. Rac1 Bb7 25. Bxe4 fxe4 26. Rd2 c5 27. Rg2 Rf5 28. Qe2
Bc6 29. Qg4 Qf7 30. cxd5 Bxd5 31. Bh4 Rh5 32. Kh2 Rh7 33. Rcg1 Kh8 34. Qg3 a4
35. bxa4 Rxa4 36. Rb1 Qc7 37. Qg6 Ra8 38. Bf6 Rf8 39. Rbg1 Rf7 40. Rg5 Kg8 41.
Rh5 Rxh5 42. Qxh5 Qa7 43. Rg2 Bc4 44. h4 Bf1 45. Rd2 Bd3 46. Qg6 Kf8 47. Rg2 Bf1
48. Rd2 gxf6 49. Rd8+ Ke7 50. exf6+ 1-0

[Event "FIDE World Cup 2023"]
[Site "Baku AZE"]
[Date "2023.08.03"]
[Round "2.2"]
[White "Bjerre, Jonas Buhl"]
[Black "Guseinov, Gadir"]
[Result "1/2-1/2"]
[WhiteTitle "GM"]
[BlackTitle "GM"]
[WhiteElo "2624"]
[BlackElo "2661"]
[WhiteFideId "1444948"]
[BlackFideId "13401378"]
[EventDate "2023.07.30"]
[EventType "k.o."]

1. e4 c5 2. Nf3 e6 3. d4 cxd4 4. Nxd4 Nf6 5. Nc3 Nc6 6. Ndb5 Bb4 7. a3 Bxc3+ 8.
Nxc3 d5 9. Bd3 dxe4 10. Nxe4 Nxe4 11. Bxe4 Qxd1+ 12. Kxd1 Bd7 13. Kd2 O-O-O 14.
Kc3 Ne7 15. a4 Bc6 16. Bd3 a5 17. Bd2 Rd7 18. f3 h5 19. h4 Rhd8 20. b3 Nd5+ 21.
Kb2 Nb4 22. Bxb4 axb4 23. Rae1 Rd4 24. Re3 R8d5 25. Rh2 g5 26. hxg5 Rxg5 27. c3
bxc3+ 28. Kxc3 Rf4 29. Bc4 Kc7 30. Re2 h4 31. Kd3 e5 32. Ke3 f6 33. Rc2 Kd6 34.
Bf1 Bd5 35. Bc4 Bc6 36. Bf1 Bd5 37. Bc4 1/2-1/2

[Event "FIDE World Cup 2023"]
[Site "Baku AZE"]
[Date "2023.08.03"]
[Round "2.2"]
[White "Sindarov, Javokhir"]
[Black "Ragger, Markus"]
[Result "1/2-1/2"]
[WhiteTitle "GM"]
[BlackTitle "GM"]
[WhiteElo "2659"]
[BlackElo "2624"]
[WhiteFideId "14205483"]
[BlackFideId "1610856"]
[EventDate "2023.07.30"]
[EventType "k.o."]

1. e4 e5 2. Nf3 Nc6 3. Bb5 Nf6 4. d3 Bc5 5. Bxc6 dxc6 6. O-O Bg4 7. h3 Bh5 8. g4
Nxg4 9. hxg4 Bxg4 10. Be3 Be7 11. Kg2 f5 12. Qe1 Bxf3+ 13. Kxf3 f4 14. Bd2 g5
15. Bc3 Qd6 16. Nd2 Qe6 17. Ke2 O-O-O 18. f3 h5 19. Nc4 Bf6 20. Qf2 Kb8 21. Rh1
g4 22. a3 Rdg8 23. Rag1 b6 24. b4 Rg5 25. Kd1 Kb7 26. Kc1 g3 27. Qg2 h4 28. Qh3
Qe7 29. Kd1 Rg7 30. Ke2 a5 31. Kf1 axb4 32. axb4 Ra8 33. Kg2 Ra2 34. Rc1 Rg8 35.
Rhd1 Rd8 36. Rd2 b5 37. Nb2 c5 38. bxc5 Qxc5 39. Nd1 Ra3 40. Bb2 Ra2 41. Rb1 Qb4
42. Re2 Rg8 43. c4 Ra3 44. Bxa3 Qxb1 45. Rb2 Qxd1 46. Rxb5+ Ka8 47. Ra5+ Kb7 48.
Rb5+ Ka8 49. Ra5+ Kb7 50. Rb5+ 1/2-1/2

[Event "FIDE World Cup 2023"]
[Site "Baku AZE"]
[Date "2023.08.03"]
[Round "2.2"]
[White "Narayanan, S.L."]
[Black "Kuzubov, Yuriy"]
[Result "1-0"]
[WhiteTitle "GM"]
[BlackTitle "GM"]
[WhiteElo "2656"]
[BlackElo "2628"]
[WhiteFideId "5058422"]
[BlackFideId "14112906"]
[EventDate "2023.07.30"]
[EventType "k.o."]

1. e4 e5 2. Nf3 Nf6 3. Nxe5 d6 4. Nf3 Nxe4 5. Nc3 Nxc3 6. dxc3 Be7 7. Be3 Nd7 8.
Qd2 O-O 9. O-O-O Nf6 10. Bd3 c5 11. Rhe1 Be6 12. Bg5 Re8 13. Qf4 d5 14. Re5 Nd7
15. Re3 Nf8 16. Bxe7 Rxe7 17. Ng5 Qc7 18. Qh4 h6 19. Nxe6 Rxe6 20. Rxe6 Nxe6 21.
c4 d4 22. g3 Re8 23. Qe4 g6 24. f4 Ng7 25. Qd5 Kf8 26. a3 Nh5 27. Qh1 Nf6 28.
Re1 Rxe1+ 29. Qxe1 h5 30. Qd2 Qc6 31. Kb1 Ng4 32. f5 gxf5 33. Bxf5 Ne3 34. Bd3
b6 35. Qe2 Ng4 36. Ka2 Qe6 37. Qf3 b5 38. b3 bxc4 39. Bxc4 Qe7 40. Qf5 Nf6 41.
Qg5 Ke8 42. Qg7 a5 43. Qh8+ Kd7 44. Qa8 Ne4 45. Qd5+ Ke8 46. Qa8+ Kd7 47. Qxa5
Nc3+ 48. Kb2 Qe1 49. Bb5+ Ke7 50. Qc7+ Kf6 51. Qf4+ Ke7 52. Qg5+ Ke6 53. Bc4+
Kd6 54. Qf6+ Kc7 55. Qxf7+ Kb8 56. Qf1 Qe8 57. Qf4+ Ka8 58. Qf3+ Kb8 59. Qf4+
Ka8 60. a4 Nd1+ 61. Ka3 Ne3 62. Bd3 1-0